Qualitative research methods : collecting evidence, crafting analysis, communicating impact

Main Author: Tracy, Sarah J
Edition: Second edition.
Subjects:
Online Access: http://library.unisel.edu.my/web/guest/mylibrary
LEADER 00974cam a2200253 7i4500
001 0000066639
005 20220726090000.0
020 |a 9781119390787 (electronic book)  
090 0 0 |a H62   |b .T78 2020 
100 1 |a Tracy, Sarah J  
245 1 0 |a Qualitative research methods :   |b collecting evidence, crafting analysis, communicating impact   |c Sarah J. Tracy. 
250 |a Second edition. 
264 |a Hoboken, NJ:   |b John Wiley & Sons,   |c 2020. 
300 |a 1 online resource (xx, 412 pages):   |b colour illustrations, text file, PDF. 
336 |a text  |2 rdacontent 
337 |a computer  |2 rdamedia 
338 |a online resource  |2 rdacarrier 
650 0 |a Social sciences --   |x Research --   |x Methodology  
655 0 |a Electronic books 
856 4 2 |u http://library.unisel.edu.my/web/guest/mylibrary 
997 |a Business & Accountancy, Faculty 
997 |a Centre for Graduate Studies 
998 |a Business Management, Degree 
999 |a EBO0011200  |b EBOOK  |c EBOOK  |e Electronic resources